| 000 | 00529 a2200169 4500 | ||
|---|---|---|---|
| 999 |
_c322470 _d322470 |
||
| 001 | 87397 | ||
| 003 | NUST | ||
| 005 | 20180120153842.0 | ||
| 008 | 180120b xxu||||| |||| 00| 0 eng d | ||
| 020 | _a978087474491 | ||
| 082 | _a629.1300924 JOH | ||
| 100 |
_aKelly Johnson Smith with Maggie Smith _99284 |
||
| 245 |
_aMore than my share of it all _hEnglish |
||
| 250 | _a1st | ||
| 260 |
_aUSA _bSmithsonian Books _c1985 |
||
| 300 |
_axii, 210 p. _bHb |
||
| 650 |
_aaeronautical engineers-military research-lockheed airplanes _99285 |
||
| 740 | _aforwarded by Leo P. Geatry, Brig Gen USAF ( Retd) | ||
| 942 |
_aCAE NUST _cBK _k629.1300924/JOH _2ddc |
||